<?xml version="1.0" encoding="UTF-8"?>
<record
    xmlns:xsi="http://www.w3.org/2001/XMLSchema-instance"
    xsi:schemaLocation="http://www.loc.gov/MARC21/slim http://www.loc.gov/standards/marcxml/schema/MARC21slim.xsd"
    xmlns="http://www.loc.gov/MARC21/slim">

  <leader>01088nam a22001577a 4500</leader>
  <controlfield tag="003">IT-RoPau</controlfield>
  <controlfield tag="005">20220918181220.0</controlfield>
  <controlfield tag="008">140523b        xxu||||| |||| 00| 0 eng d</controlfield>
  <datafield tag="040" ind1=" " ind2=" ">
    <subfield code="c">IT-RoPau</subfield>
  </datafield>
  <datafield tag="100" ind1=" " ind2=" ">
    <subfield code="a">PDDM   6&#xB0; Capitolo Generale </subfield>
    <subfield code="9">26316</subfield>
  </datafield>
  <datafield tag="245" ind1=" " ind2=" ">
    <subfield code="a">6&#xB0; Capitolo Generale 1999 Pie Discepole del Divin Maestro</subfield>
    <subfield code="b">"Eucarestia Sacerdozio Liturgia" quale annuncio per il 3&#xB0; millennio?</subfield>
  </datafield>
  <datafield tag="260" ind1=" " ind2=" ">
    <subfield code="a">Roma</subfield>
    <subfield code="b">Casa Generalizia PDDM Commissione Antepreparatoria</subfield>
    <subfield code="c">1999</subfield>
  </datafield>
  <datafield tag="300" ind1=" " ind2=" ">
    <subfield code="a">19 pp.</subfield>
    <subfield code="c">22 cm</subfield>
  </datafield>
  <datafield tag="520" ind1=" " ind2=" ">
    <subfield code="a">Indice

Presentazione
Scheda 1 - Chiamate e mandate dal Risorto. Interpellate dalle sfide del mondo che cambia. Noi "discepole"
Scheda 2 - Come "discepole ci proponiamo di:
- Ri-comprendere la nostra missione e la nostra missione nella sua "unit&#xE0;".
- Rimotivare e rinnovare la vita.
Scheda 3 - Come discepole ci proponiamo di:
- Discernere criteri per le nostre presenze, per meglio "comunicare" a tutti e con tutti.
Ges&#xF9; Maestro vivente nell'Eucarestia-Sacerdozio-Liturgia.
"attente alle culture dei popoli tra i quali viviamo e operiamo (Cost. 94)   </subfield>
  </datafield>
  <datafield tag="942" ind1=" " ind2=" ">
    <subfield code="2">ddc</subfield>
    <subfield code="c">BK</subfield>
  </datafield>
  <datafield tag="999" ind1=" " ind2=" ">
    <subfield code="c">104392</subfield>
    <subfield code="d">104392</subfield>
  </datafield>
  <datafield tag="952" ind1=" " ind2=" ">
    <subfield code="0">0</subfield>
    <subfield code="1">0</subfield>
    <subfield code="2">ddc</subfield>
    <subfield code="4">0</subfield>
    <subfield code="6">P_D6</subfield>
    <subfield code="7">1</subfield>
    <subfield code="a">PAULUS</subfield>
    <subfield code="b">PAULUS</subfield>
    <subfield code="d">2014-05-23</subfield>
    <subfield code="l">0</subfield>
    <subfield code="o">P D6</subfield>
    <subfield code="r">2014-05-23 00:00:00</subfield>
    <subfield code="w">2014-05-23</subfield>
    <subfield code="y">BK</subfield>
  </datafield>
</record>
